00853nam a2200145Ia 4500008004100000020001800041100006900059245011900128260002700247650002200274650026000296856004100556999001900597952009100616171212s9999 xx 000 0 und d a9780833046079 aOliker, Olga;Crane, Keith;Schwartz, Lowell H.;Yusupov, Catherine cOliker, Olga;Crane, Keith;Schwartz, Lowell H.;Yusupov, CatherineaRussian Foreign PolicybSources and Implications bRAND Corporationc2009 aPolitical Science aRussia (Federation) -- Foreign relations; Russia (Federation) -- Strategic aspects; Globalization -- Political aspects -- Russia (Federation); Russia (Federation -- Politics and government -- 21st century; Russia (Federation) -- Foreign relations -- Unite uwww.jstor.org/stable/10.7249/mg768af c352510d352510 001040aCLbCLd2017-12-12l0oDK293.R8726 2009r2017-12-12 00:00:00w2017-12-12yCBE